La réponse commence par S - Statistiques

Statistiques générales
  • Ce quiz a été pris 968 fois
  • Le résultat moyen est 15 sur 20
Statistiques - réponses
Indices Réponses % Correct
Mickey en est une Souris
95%
Terme désignant les boissons gazeuses sucrées Soda
94%
Expulser de l'air par une action volontaire Souffler
94%
Personne qui rappelle leurs textes aux acteurs d'une pièce de théâtre durant la représentation Souffleur
89%
Pantalon pourvu de bretelles Salopette
85%
Philosophe grec ayant vécu de -470 à -399 Socrate
82%
Son point faible est la Kryptonite Superman
82%
Tube avec lequel on projette des projectiles à l'aide de son souffle Sarbacane
81%
Divertissement offert à un public Spectacle
75%
Méthode d'apprentissage de la musique faite d'exercices de lecture et d'audition musicales Solfège
71%
Sixième animal du zodiaque chinois Serpent
70%
Arrêt d'une substance ou d'un comportement ayant entraîné une dépendance Sevrage
70%
Partie de la Russie située en Asie Sibérie
70%
Titre porté par des monarques musulmans Sultan
70%
Considéré comme le 2éme art Sculpture
66%
Région constituée du Danemark, de la Norvège et de la Suède Scandinavie
65%
Chien de la plus célèbre bande de jeunes résolvant des mystères Scooby-Doo
63%
Pays le moins densément peuplé d'Amérique Suriname
60%
Groupe de musique interprète de Still Loving You Scorpions
51%
Mouvement de jeunesse fondé par Baden-Powell Scoutisme
35%
Aucun quiz correspondant
Distribution des résultats
% des personnes avec chaque résultat
Percentile par nombre de réponses
Votre historique - résultats
Vous n’avez pas pris ce quiz